1 Timothy explained / (Record no. 6454)

MARC details
000 -LEADER
fixed length control field 00500nam a22001817a 4500
003 - CONTROL NUMBER IDENTIFIER
control field GBCCL
005 - DATE AND TIME OF LATEST TRANSACTION
control field 20241126110603.0
008 - FIXED-LENGTH DATA ELEMENTS--GENERAL INFORMATION
fixed length control field 180515b ||||| |||| 00| 0 eng d
040 ## - CATALOGING SOURCE
Transcribing agency gbc
082 ## - DEWEY DECIMAL CLASSIFICATION NUMBER
Classification number 227.8307
Item number PER
100 ## - MAIN ENTRY--PERSONAL NAME
Personal name Perdue, Cary M.
9 (RLIN) 11552
245 ## - TITLE STATEMENT
Title 1 Timothy explained /
Statement of responsibility, etc. Cary M. Perdue
260 ## - PUBLICATION, DISTRIBUTION, ETC.
Name of publisher, distributor, etc. O.M.F. Publishers,
Place of publication, distribution, etc. Manila:
Date of publication, distribution, etc. 1975
300 ## - PHYSICAL DESCRIPTION
Extent 94 p.;
Dimensions 21 cm.
440 ## - SERIES STATEMENT/ADDED ENTRY--TITLE
Title Christian helps
9 (RLIN) 11555
650 ## - SUBJECT ADDED ENTRY--TOPICAL TERM
Topical term or geographic name entry element Bible
Form subdivision Timothy, 1st
General subdivision Commentaries
9 (RLIN) 11556
942 ## - ADDED ENTRY ELEMENTS (KOHA)
Source of classification or shelving scheme Dewey Decimal Classification
Koha item type Books
Koha issues (borrowed), all copies 5
Holdings
Withdrawn status Lost status Source of classification or shelving scheme Damaged status Not for loan Home library Current Library Shelving location Date acquired Total checkouts Full call number Barcode Date last seen Date last checked out Copy number Price effective from Koha item type
    Dewey Decimal Classification     GRACE BIBLE COLLEGE GRACE BIBLE COLLEGE Biblical Studies 2018-05-15 5 227.8307 PER 005454 2025-05-01 2024-08-12 c.1 2018-05-15 Books
© Grace Bible College Library 2025